Історія і суспільствознавство в школах України: теорія та методика навчання (Запис № 416838)
[ простий вигляд ]
| 000 -Лідер | |
|---|---|
| fixed length control field | 01126cas a22003017a 4500 |
| 001 - Контрольний номер | |
| control field | 136317 |
| 003 - Ідентифікатор контрольного номера | |
| control field | UA-OsUOA |
| 005 - Дата та час останнього входження (трансакції) | |
| control field | 20190926105908.0 |
| 007 - Фіксоване поле фізичного опису | |
| fixed length control field | ta |
| 008 - Елементи даних фіксованої довжини – загальна інформація | |
| fixed length control field | 201903c2010n ||un br|p||00| 0 ukrcdukr d |
| 040 ## - Джерело каталогізації | |
| Агенція оригінальної каталогізації | UA-OsUOA |
| Мова каталогізації | ukr |
| Агенція, яка здійснювала перезапис | UA-OsUOA |
| Агенція, яка здійснювала модифікацію | UA-OsUOA |
| 041 ## - Код мови | |
| Код мови тексту/ звукової доріжки чи окремого заголовка (П) | ukr |
| 044 ## - Код країни видавця/ виробника | |
| Код країни видавця/ виробника (П) | UA |
| 080 ## - Індекс Універсальної десяткової класифікації | |
| Індекс Універсальної десяткової класифікації (УДК) (НП) | 94(477) |
| 090 ## - Локальний шифр розміщення | |
| Класифікаційний індекс УДК | 94(477) |
| Авторський знак (НП) | И90 |
| 099 ## - Місцевий розмір звичайного тексту (OCLC) | |
| Передплатний індекс | 49604 |
| 110 ## - Наймення організації – загальна інформація | |
| Найменування колективу або юрисдикції як початковий елемент введення | Інститут педагогіки НАПН України |
| 245 ## - Відомості про назву | |
| Назва (НП) | Історія і суспільствознавство в школах України: теорія та методика навчання |
| Дані про відповідальність (НП) | гол. ред. Пометун О. |
| Решта назви (НП) | науково-методичний журнал |
| 260 ## - Публікація, розповсюдження і т.п. (Вихідні дані) | |
| Місце публікації, розповсюдження і т.п. (П) | К. |
| 310 ## - Поточна періодичність | |
| Поточна періодичність | один раз на два місяці |
| 520 ## - Резюме і т.п. | |
| Резюме, реферат, анотація, тощо (НП) | Київ, сучасна шкільна історична, правознавча, громадянська освіта. |
| 650 #7 - Додаткове предметне введення – тематичний термін | |
| Тематичний термін чи географічна назва, як елемент введення (НП) | 9 Географія. Біографії. Історія |
| Джерело заголовка чи терміна | UDC |
| 942 ## - Додаткові елементи входу (Коха) | |
| Тип елемента Koha | Журнал |
| Source of classification or shelving scheme | Universal Decimal Classification |
| 955 ## - Код типу видання за змістом | |
| Код типу видання за змістом (НП) | інше |
| 962 ## - Рік початку публікації | |
| Рік | 2010 |
Немає доступних примірників.